Capitales más Cercanas - Estadísticas

Estadísticas generales
  • Esta prueba ha sido intentada 71 veces
  • La puntuación promedio es 11 de 20
Estadísticas de respuestas
ciudad capital % Correcto
Edimburgo Dublin
93%
Sevilla Lisboa
84%
Barcelona Andorra la Vieja
76%
Marsella Mónaco
75%
San Petersburgo Helsinki
73%
Fráncfort Luxemburgo
71%
Florencia San Marino
69%
Palermo La Valeta
65%
Venicia Liubliana
62%
Calais Londres
55%
Milán Vaduz
51%
Estrasburgo Berna
47%
Ginebra Berna
47%
Gotemburgo Copenhague
44%
Dresde Praga
42%
Núremberg Praga
35%
Dortmund Ámsterdam
33%
Dubrovnik Podgorica
31%
Salzburgo Liubliana
18%
Tórshavn Reikiavik
18%
No se encontraron pruebas coincidentes
Distribución de puntuación
Porcentaje de gente con cada puntuación
Porcentaje por número respondido
Historial de tus puntuaciones
No has intentado esta prueba.